00625nam a22002057a 450000500170000001000130001702000250003003500130005503700160006804000120008408200150009610000230011124500780013424600380021226000470025027000560029730000330035365000170038665000160040320170124105935.0 aB-221347 c75.00a9788184080599 aB-221347 bCen Lib/Ret aDPLbEN a230.1bSIN aSingh, Chitralekha a1008 names of siva /cby Chitralekha Singh, Prem Nath [and] Lipika Singh  b One thousand eight names of siva bIndian Publishing House aNew Delhi c2006 bNew Delhi e110002a2/13, Ansari Road, Dariya Ganj  avii, 88p. ;c20cm(pbk)bill. aReligion z  aGod Shiva